| 000 | 01138nam a22003137a 4500 | ||
|---|---|---|---|
| 003 | CHAP | ||
| 005 | 20220329143859.0 | ||
| 008 | 120518s2009 mx r 00010 spa d | ||
| 010 | _a103176 | ||
| 011 | _a104148 | ||
| 035 | _a114837 | ||
| 040 | _cCHAP | ||
| 090 | _aTesis | ||
| 100 | 1 |
_aSoriano Marcial, Adrian _9108772 |
|
| 245 | 1 | 0 |
_aEvaluación de raciones a base de soya forrajera variedad salcer (Glycine max L.) o alimento concentrado, en la engorda de cabritos criollos _c/por Adrian Soriano Marcial |
| 260 |
_aCocula, Gro. : _bEl autor, _c2009 |
||
| 300 | _a35 h. | ||
| 502 | _aTesis (Ing. Agr. Zootecnista) -- CSAEGRO. Centro de Estudios Profesionales | ||
| 590 |
_aALEPH _b10 _c20130110 _lUCH01 _h1544 |
||
| 590 |
_aBATCH-UPD _b10 _c20130110 _lUCH01 _h1312 |
||
| 590 |
_aBATCH-UPD _b10 _c20130410 _lUCH01 _h0825 |
||
| 590 |
_aBATCH-UPD _b10 _c20130914 _lUCH01 _h1509 |
||
| 590 |
_aCONVERSION _b10 _c20130109 _lUCH01 _h1357 |
||
| 650 | 0 | 4 |
_aGanado cabrío _xEngorda. _945008 |
| 650 | 0 | 4 |
_aSoya como forraje. _9109101 |
| 901 | _aBK | ||
| 942 | _cTESIS | ||
| 949 |
_aTesis _bBC _cTES _d33724002333736 _eTS1 _gDonaciØn _h53396 _i114837 _sb |
||
| 999 |
_c103176 _d103176 |
||